[Event "CHI-ch U14 Girls"]
[Site "Santiago de Chile"]
[Date "2018.10.17"]
[Round "2.1"]
[White "Albornoz Valenzuela, Sugey Catali"]
[Black "Sanchez Tobar, Francisca Valentina"]
[Result "0-1"]
[WhiteElo "1036"]
[BlackElo "1655"]
[PlyCount "32"]
[EventDate "2018.10.16"]
[EventType "swiss"]
[EventRounds "7"]
[EventCountry "CHI"]
[SourceTitle "EXT 2024"]
[Source "ChessBase"]
[SourceDate "2023.10.10"]
[SourceVersion "1"]
[SourceVersionDate "2023.10.10"]
[SourceQuality "1"]

1. e4 e5 2. Nf3 Nc6 3. Bc4 Be7 4. Nc3 Nf6 5. d3 0-0 6. Ne2 d5 7. exd5 Nxd5 8. Ng3 Bg4 9. 0-0 Nb6 10. b3 Nd4 11. Bb2 Bc5 12. h3 Nxf3+ 13. Kh1 Qh4 14. gxf3 Qxh3+ 15. Kg1 Qxg3+ 16. Kh1 Bxf3+ 0-1